| 000 | 00466nam a22001697a 4500 | ||
|---|---|---|---|
| 005 | 20170227094547.0 | ||
| 008 | 170227b xxu||||| |||| 00| 0 eng d | ||
| 020 | _a9780128034408 | ||
| 040 | _cPK-LaUMT | ||
| 082 |
_a621.042 _bLET-S |
||
| 100 | _aLetcher , Trevor M. | ||
| 245 |
_aStoring energy with special reference to renewable energy sources/ _cTrevor M. Letcher |
||
| 260 |
_aAmsterdam: _bElsevier, _c2016 |
||
| 300 | _a565 p. | ||
| 546 | _aEN | ||
| 942 | _cBK | ||
| 999 |
_c91241 _d91241 |
||